Medical history of Bhutan : (Record no. 2917)

MARC details
000 -LEADER
fixed length control field 00598nam a2200193 4500
001 - CONTROL NUMBER
control field 3581
005 - DATE AND TIME OF LATEST TRANSACTION
control field 20181127171529.0
010 00 - LIBRARY OF CONGRESS CONTROL NUMBER
LC control number
020 00 - INTERNATIONAL STANDARD BOOK NUMBER
International Standard Book Number 9789993677512
090 00 - LOCALLY ASSIGNED LC-TYPE CALL NUMBER (OCLC); LOCAL CALL NUMBER (RLIN)
Classification number (OCLC) (R) ; Classification number, CALL (RLIN) (NR) 362.1095498 D699m 2012
100 00 - MAIN ENTRY--PERSONAL NAME
Personal name Dorji, Tandin.
245 00 - TITLE STATEMENT
Title Medical history of Bhutan :
Remainder of title Chronicle of health and disease from Bon times to today /
Statement of responsibility, etc. Dr. Tandin Dorji, Dr. Bjorn Melgaard.
Medium
250 00 - EDITION STATEMENT
Edition statement
260 00 - PUBLICATION, DISTRIBUTION, ETC.
Place of publication, distribution, etc. Thimphu :
Name of publisher, distributor, etc. Centre for Research Initiatives,
Date of publication, distribution, etc. 2012.
300 00 - PHYSICAL DESCRIPTION
Extent xiv, 174 p . ; col. ill. : 23 cm.
500 00 - GENERAL NOTE
General note
650 00 - SUBJECT ADDED ENTRY--TOPICAL TERM
Topical term or geographic name entry element Bhutan --History.
General subdivision
Topical term or geographic name entry element Medicine, Traditional --Bhutan.
General subdivision
Holdings
Withdrawn status Lost status Source of classification or shelving scheme Damaged status Not for loan Collection code Home library Current library Shelving location Date acquired Serial Enumeration / chronology Inventory number Total Checkouts Full call number Barcode Date last seen Copy number Price effective from Koha item type Total Renewals Date last checked out Public note
    Dewey Decimal Classification     Reference RTC Library RTC Library Reference 29/08/2023 6148   362.1095 DOR 30004889 29/08/2023 2 27/11/2018 Reference      
  Missing       Main TEST RTC Library RTC Library Main opac 04/04/2022 6117   362.1095498 D699m 2012 30002452 27/11/2018 1 27/11/2018 Main      
    Dewey Decimal Classification     Main TEST RTC Library RTC Library Main opac 11/09/2024 10374 3 362.1095 DOR 30011490 13/09/2024 3 27/11/2018 Main 2 11/09/2024  
    Dewey Decimal Classification     Main TEST RTC Library RTC Library Main opac 13/03/2019 13544   2 362.1095 DOR 30013441 05/12/2024   13/03/2019 Main 7 09/07/2024  
    Dewey Decimal Classification     Main TEST RTC Library RTC Library Main opac 19/05/2023 177426     362.1095 DOR 30018749 19/05/2023   19/05/2023 Main      
    Dewey Decimal Classification     Main TEST RTC Library RTC Library Main opac 19/05/2023 18790     362.1095 DOR C.2 30019857 09/09/2024   19/05/2023 Main     Donated by Dorji and her walking library
    Dewey Decimal Classification     Main TEST RTC Library RTC Library Main opac 19/05/2023 18789     362.1095 DOR C.1 30019922 09/09/2024   19/05/2023 Main     Donated by Dorji and her walking library
    Dewey Decimal Classification     Main TEST RTC Library RTC Library Main opac 19/05/2023 18791     362.1095 DOR C.3 30019921 09/09/2024   19/05/2023 Main     Donated by Dorji and her walking library
    Dewey Decimal Classification     Main TEST RTC Library RTC Library Main opac 19/05/2023 18792     362.1095 DOR C.4 30019845 09/09/2024   19/05/2023 Main     Donated by Dorji and her walking library
    Dewey Decimal Classification     Main TEST RTC Library RTC Library Main opac 19/05/2023 18793     362.1095 DOR C.5 30019850 09/09/2024   19/05/2023 Main     Donated by Dorji and her walking library
Royal Thimphu College || All Right Reserved